Southville International School and Colleges
Your cart is empty.
  • Cart
  • Lists
    Public lists Eva Luna New books Lux_list list_1
    Your lists Log in to create your own lists
  • Log in to your account
  • Your cookies
  • Search history
Southville International School and Colleges
  • Advanced search
  • Recent comments
  • Most popular
  • Libraries

Log in to your account

Log in with GOOGLE


If you do not have an external account, but do have a local account, you can still log in:

  1. Home
  2. MARC view: The international dictionary of event management /
Normal view MARC view ISBD view

The international dictionary of event management / (Record no. 21510)

[ view plain ]
MARC details
000 -LEADER
fixed length control field 00688nam a2200205 a 4500
005 - DATE AND TIME OF LATEST TRANSACTION
control field 20140310183329.0
008 - FIXED-LENGTH DATA ELEMENTS--GENERAL INFORMATION
fixed length control field 060815s19uu xx 00 eng d
020 ## - INTERNATIONAL STANDARD BOOK NUMBER
International Standard Book Number 047139453x
050 ## - LIBRARY OF CONGRESS CALL NUMBER
Classification number GT 3404
Item number .In57 2001
245 ## - TITLE STATEMENT
Title The international dictionary of event management /
Statement of responsibility, etc edited by Joe Goldblatt and Kathleen S. Nelson.
250 ## - EDITION STATEMENT
Edition statement 2nd ed.
260 ## - PUBLICATION, DISTRIBUTION, ETC. (IMPRINT)
Place of publication, distribution, etc New York :
Name of publisher, distributor, etc John Wiley & Sons, Inc,
Date of publication, distribution, etc 2001.
300 ## - PHYSICAL DESCRIPTION
Extent 279 p. :
Dimensions 25 cm.
440 ## - SERIES STATEMENT/ADDED ENTRY--TITLE
Title The Wiley event management series.
650 ## - SUBJECT ADDED ENTRY--TOPICAL TERM
Topical term or geographic name as entry element Special events
General subdivision Management
-- Dictionaries.
650 ## - SUBJECT ADDED ENTRY--TOPICAL TERM
Topical term or geographic name as entry element Special events
General subdivision Management
-- Dictionaries.
650 ## - SUBJECT ADDED ENTRY--TOPICAL TERM
Topical term or geographic name as entry element Special events
General subdivision Planning.
942 ## - ADDED ENTRY ELEMENTS (KOHA)
Koha item type Books
Source of classification or shelving scheme Library of Congress Classification
Holdings
Withdrawn status Lost status Source of classification or shelving scheme Damaged status Home library Current library Shelving location Date acquired Source of acquisition Cost, normal purchase price Total Checkouts Full call number Barcode Date last seen Copy number Price effective from Koha item type
    Library of Congress Classification   College Library College Library Reference Section 08/15/2006   2400.00   GT 3404 .In57 2001 C7447 05/15/2018 1 10/10/2013 Books

The international dictionary of event management /

APA

(2001). The international dictionary of event management. New York: John Wiley & Sons, Inc.

Chicago

2001. The international dictionary of event management. New York: John Wiley & Sons, Inc.

Harvard

(2001). The international dictionary of event management. New York: John Wiley & Sons, Inc.

MLA

The international dictionary of event management. New York: John Wiley & Sons, Inc. 2001.

  • Place hold
  • Print
  • Cite
  • Add to your cart (remove)
  • Save record
    BIBTEX Dublin Core MARCXML MARC (non-Unicode/MARC-8) MARC (Unicode/UTF-8) MARC (Unicode/UTF-8, Standard) MODS (XML) RIS
  • More searches
    Search for this title in:
    Other Libraries (WorldCat) Other Databases (Google Scholar) Online Stores (Bookfinder.com) Open Library (openlibrary.org)

Exporting to Dublin Core...

SOUTHVILLE LIBRARY

Southville International School and Colleges Library

1281 Tropical Ave. Cor. Luxembourg St., BF Homes International, Las Pinas City

Tel. No. 8256374 / 252358 Loc. 117/146

Powered by Koha